Landlocked Countries - Sudden Death - - Statistics

General Stats
  • This quiz has been taken 48 times
  • The average score is 11 of 15
Answers on the Grid
Answers color-coded by a green-red scale on the quiz's grid according to % correct below.
Chad
Angola
D. R. Congo
Ethiopia
Comoros
Nepal
Bhutan
Namibia
Uzbekistan
France
Serbia
Norway
Bolivia
Belarus
Turkmenistan
India
North Korea
Singapore
Zambia
Spain
Ireland
Paraguay
Rwanda
Burundi
Uruguay
Cambodia
Laos
Tajikistan
Vietnam
Malaysia
 
Answer Stats
Answer % Correct
Chad
89%
Bolivia
83%
Nepal
83%
Belarus
75%
Paraguay
75%
Bhutan
72%
Uzbekistan
72%
Laos
69%
Rwanda
67%
Tajikistan
67%
Burundi
64%
Ethiopia
64%
Serbia
64%
Turkmenistan
61%
Zambia
58%
No matching quizzes found
Score Distribution
Percent of People with Each Score
Percentile by Number Answered
Your Score History
You have not taken this quiz